40 More Historical People (Everyone Should Know) - Statistics

General Stats
  • This quiz has been taken 4,761 times
    4,727 since last reset
  • The average score is 26 of 40
Answer Stats
Hint Answer % Correct
Holocaust victim famous for her diary Anne Frank
90%
Creator of Mickey Mouse Walt Disney
90%
Soviet dictator during World War II Joseph Stalin
87%
Proposed the theory of relativity Albert Einstein
85%
Leader of fascist Italy Benito Mussolini
85%
King of Rock and Roll Elvis Presley
84%
Wrote the Communist Manifesto Karl Marx
84%
Painted the Sistine Chapel ceiling Michelangelo
80%
Ended Apartheid in South Africa Nelson Mandela
80%
Watergate Scandal President Richard Nixon
79%
Founding member of The Beatles John Lennon
77%
Longest reigning King of France Louis XIV
77%
King who created the Church of England Henry VIII
76%
French woman who discovered Polonium Marie Curie
76%
Spanish painter who founded Cubism Pablo Picasso
74%
Wrote the Declaration of Independence Thomas Jefferson
74%
Notorious gangster during Prohibition Al Capone
72%
Founder of the Mongol Empire Genghis Khan
72%
Creator of the Model T and the Assembly Line Henry Ford
72%
First Roman Emperor Augustus
71%
First European to document travel to China Marco Polo
68%
Last Pharaoh of Egypt Cleopatra
66%
Created the process of Pasteurization Louis Pasteur
63%
First Norman King of England William the Conqueror
61%
King of the Franks who united Western Europe Charlemagne
58%
She trained nurses during the Crimean War Florence Nightingale
56%
Inventor of the telescope Galileo Galilei
56%
Spanish Conqueror of the Aztec Empire Hernán Cortés
53%
First to circumnavigate the world Ferdinand Magellan
52%
Led 300 Spartans at the Battle of Thermopylae Leonidas I
52%
Iron Chancellor of Germany Otto von Bismarck
48%
Discovered penicillin Alexander Fleming
46%
Led the Underground Railroad Harriet Tubman
46%
"Mad" Scientist who designed the modern AC unit Nikola Tesla
45%
He made the first Trans-Atlantic flight Charles Lindbergh
41%
Wrote Don Quixote Miguel de Cervantes
40%
Broke the color barrier in baseball Jackie Robinson
39%
Muslim leader during the Third Crusade Saladin
39%
Father of the American Constitution James Madison
34%
Discovered the Mississippi River Hernando de Soto
9%
No matching quizzes found
Score Distribution
Percent of People with Each Score
Percentile by Number Answered
Your Score History
You have not taken this quiz since the last reset